Problemas del estructuralismo
Kaydedildi:
| Asıl Yazarlar: | , , , , |
|---|---|
| Diğer Yazarlar: | |
| Materyal Türü: | Kitap |
| Dil: | İspanyolca |
| Baskı/Yayın Bilgisi: |
Ciudad de México
Siglo Veintiuno
1969
|
| Edisyon: | 3a. ed |
| Seri Bilgileri: | Teoría y Crítica, 246
|
| Konular: | |
| Etiketler: |
Etiketle
Etiket eklenmemiş, İlk siz ekleyin!
|
MARC
| LEADER | 00000nam a2200000 a 4500 | ||
|---|---|---|---|
| 001 | UCY1027 | ||
| 003 | CL-VaPUC | ||
| 008 | 940819e19690000MX |||||||||||||||||spa|d | ||
| 082 | 0 | 4 | |a 149.96 |b BAR |2 21 |
| 100 | 0 | |a Barbut, Marc |e author |9 328913 | |
| 700 | 0 | |a Bourdieu, Pierre |e author |9 308635 | |
| 700 | |a Godelier, Maurice |e author |9 571184 | ||
| 700 | |a Greimas, Algirdas Julien |e author |9 568673 | ||
| 700 | |a Macherey, Pierre |e autor |9 582980 | ||
| 700 | 0 | |a Pouillon, Jean |e author |9 328917 | |
| 245 | 1 | 0 | |a Problemas del estructuralismo |
| 250 | |a 3a. ed | ||
| 300 | |a 182 p | ||
| 942 | |c BK | ||
| 945 | |d 19940819 00:00:00 |a rbrito | ||
| 260 | |a Ciudad de México |b Siglo Veintiuno |c 1969 | ||
| 650 | 7 | |a ESTRUCTURALISMO ANALISIS LINGUISTICO |2 CL-VaPUC |9 324246 | |
| 583 | |a last modification |c 19940819 00:00:00 |k Rodrigo Vera | ||
| 490 | 0 | |a Teoría y Crítica, 246 | |
| 999 | |c 229860 |d 229858 | ||
| 952 | |0 0 |1 0 |4 0 |6 149_960000000000000_BAR_1969 |7 0 |8 A |9 231567 |a BIBGIM |b BIBGIM |d 2019-11-15 |i 336691K |o 149.96 BAR 1969 |p 336691K |r 2025-01-15 |w 2019-11-15 |y BK |k GIM | ||
| 952 | |0 0 |1 0 |4 0 |6 149_960000000000000_BAR_1969 |7 0 |8 A |9 231568 |a BIBGIM |b BIBGIM |d 2019-11-15 |i 3367193 |o 149.96 BAR 1969 |p 3367193 |r 2025-01-15 |w 2019-11-15 |y BK |k GIM | ||